|
|
|
|
| LEADER |
00000nam a22000004i 4500 |
| 001 |
29003 |
| 003 |
AGDB |
| 005 |
20260324181539.0 |
| 008 |
250904e202507 spc|||||r|||| 000 d cat|c |
| 017 |
|
|
|a B 4412-2025
|b Biblioteca de Catalunya
|
| 020 |
|
|
|a 9788410278318
|
| 040 |
|
|
|a ES-BaIT
|b cat
|e rda
|c ES-BaIT
|
| 080 |
|
|
|a 849.9-2"18"
|
| 100 |
1 |
|
|a Renart i Arús, Francesc,
|d 1783-1853,
|e autor
|
| 240 |
1 |
0 |
|a Teatre.
|k Seleccions
|
| 245 |
1 |
0 |
|a Quatre sainets /
|c de Francesc Renart Arús ; edició a cura d'Albert Mestres
|
| 250 |
|
|
|a Primera edició :
|b juliol
|
| 264 |
|
1 |
|a Barcelona :
|b Institut del Teatre de la Diputació de Barcelona,
|c 2025
|
| 264 |
|
4 |
|c ©2025
|
| 300 |
|
|
|a 202 pàgines ;
|c 23 cm
|
| 336 |
|
|
|a text
|b txt
|2 rdacontent
|
| 337 |
|
|
|a sense mediació
|b n
|2 rdamedia
|
| 338 |
|
|
|a volum
|b nc
|2 rdacarrier
|
| 490 |
1 |
|
|a Repertori teatral català
|
| 504 |
|
|
|a Bibliografia pàgina: 12
|
| 505 |
8 |
|
|a Conté: Sainete nou de la Laieta de Sant Just (1815) -- La casa de despeses, o sigui La calúmnia descoberta (1833) -- La tornada després del còlera. Peça bilingüe en un acte (1833) -- Titó i donya Paca o El viatge de la Fortuna (1828)
|
| 533 |
|
|
|a Recurs electrònic disponible a Reservori digital de l'Institut del Teatre (RedIT)
|
| 700 |
1 |
|
|a Mestres, Albert,
|d 1960-
|e editor literari
|
| 700 |
1 |
2 |
|a Renart i Arús, Francesc,
|d 1783-1853.
|t Sainete nou de la Laieta de Sant Just
|
| 700 |
1 |
2 |
|a Renart i Arús, Francesc,
|d 1783-1853.
|t Casa de despeses
|
| 700 |
1 |
2 |
|a Renart i Arús, Francesc,
|d 1783-1853.
|t Tornada després del còlera
|
| 700 |
1 |
2 |
|a Renart i Arús, Francesc,
|d 1783-1853.
|t Titó i donya Paca
|
| 710 |
2 |
|
|a Institut del Teatre (Barcelona, Catalunya),
|e entitat editora
|
| 730 |
0 |
|
|a Reservori digital de l'Institut del Teatre (RedIT)
|
| 830 |
|
0 |
|a Repertori teatral català
|
| 856 |
4 |
1 |
|z Accés lliure (RedIT)
|u https://redit.institutdelteatre.cat/handle/20.500.11904/1606
|
| 856 |
4 |
1 |
|z Accés lliure i impressió a demanda (Llibreria de la Diputació de Barcelona)
|u https://llibreria.diba.cat/es/libro/quatre-sainets-de-francesc-renart-i-arus_71905
|
| 908 |
|
|
|a CDMAE
|
| 940 |
|
|
|a CDMAE
|
| 942 |
|
|
|2 udc
|c ARXIU
|n 1
|
| 952 |
|
|
|0 0
|1 0
|2 udc
|4 0
|6 BIB1364
|7 1
|9 98612
|a Arxiu
|b Arxiu
|d 2025-11-07
|l 0
|o Bib-1364
|p 29003
|r 2025-11-07 11:06:00
|w 2025-11-07
|y ARXIU
|
| 999 |
|
|
|c 130354
|d 130354
|